000
00352nam a2200145Ia 4500
003
IT-RoPAU
008
120407s9999 xx 000 0 und d
040
_a
IT-RoPAU
040
_c
IT-RoPAU
100
_a
Pasquale Di Fronzo
245
_a
Il cammino del tempo. Clemente Fusero a Livio Nargi, epistolario
300
_c
cm
490
_v
1
942
_c
BK
999
_c
13131
_d
13131